| 000 | 00578nam a22001817a 4500 | ||
|---|---|---|---|
| 999 |
_c61325 _d61325 |
||
| 005 | 20240212152930.0 | ||
| 008 | 240212s2019 enk||||| |||| 00| 0 eng d | ||
| 020 | _a9781593279523x | ||
| 041 | _aeng | ||
| 080 | _a004.43 Sh-55 | ||
| 100 |
_aShotts, William _921222 |
||
| 245 |
_aThe Linux Command Line : _bA Complete Introduction / _c William Shotts. |
||
| 250 | _aSecond edition | ||
| 264 |
_aSan Francisko : _bNo Starch Press, _c2019. |
||
| 300 |
_a472 p. ; _b24 cm. |
||
| 653 | _aკომპიუტერული ტექნოლოგიები | ||
| 942 |
_2udc _cBK |
||